000 00651nam a2200277Ia 4500
005 20260324120226.0
008 008 260324s9999 xx 000 0 eng d
020 _a9781315763019
037 _aEBOOK
040 _aCRL
040 _beng
040 _cCRL
041 _2eng
041 _aeng
084 _qCRL
100 _aJ. George Frederick
_91157724
245 0 _aMasters of Advertising Copy (RLE Marketing)
260 _bTaylor and Francis
260 _c2015
365 _a
365 _b230
856 _uhttp://www.taylorfrancis.com/books/9781315763019
942 _cEBOOK
999 _c1749143
_d1749143